000
00232 a2200097 4500
001
42444
100
_a
Gibilisco S
245
_a
Violent weather hurricanes tornadoes storms
260
_a
_b
Tab books inc
_c
090
_c
26361
_d
26361
942
_a
NUST-CAE
_c
M
_c
18182
999
_c
277517
_d
277517